[Event "Southern Chess Classic"]
[Site "Invercargill"]
[Date "2023.07.15"]
[Round "3"]
[White "Coleman, Phil"]
[Black "Gold, Hamish R"]
[Result "1/2-1/2"]
[WhiteElo "1716"]
[BlackElo "1589"]
[PlyCount "41"]
[EventDate "2023.07.14"]
[EventType "swiss"]
[EventRounds "6"]
[EventCountry "NZL"]
[SourceTitle "EXT 2024"]
[Source "ChessBase"]
[SourceDate "2023.10.10"]
[SourceVersion "1"]
[SourceVersionDate "2023.10.10"]
[SourceQuality "1"]

1. e4 c6 2. Nf3 d5 3. Nc3 g6 4. d4 dxe4 5. Nxe4 Bg7 6. Be3 Nd7 7. Bd3 e5 8. Nfg5 exd4 9. Nd6+ Kf8 10. Bf4 Be5 11. Qf3 Qf6 12. Bxe5 Nxe5 13. Qxf6 Nxf6 14. Kd2 h6 15. Nge4 Nxe4+ 16. Bxe4 Rb8 17. Rae1 Be6 18. f4 Nc4+ 19. Nxc4 Bxc4 20. b3 Ba6 21. h4 1/2-1/2

[Event "Southern Chess Classic"]
[Site "Invercargill"]
[Date "2023.07.15"]
[Round "4"]
[White "Zhang, Kendrick Botong"]
[Black "Gold, Hamish R"]
[Result "1-0"]
[WhiteElo "1821"]
[BlackElo "1589"]
[PlyCount "87"]
[EventDate "2023.07.14"]
[EventType "swiss"]
[EventRounds "6"]
[EventCountry "NZL"]
[SourceTitle "EXT 2024"]
[Source "ChessBase"]
[SourceDate "2023.10.10"]
[SourceVersion "1"]
[SourceVersionDate "2023.10.10"]
[SourceQuality "1"]

1. e4 e6 2. d4 d5 3. Nc3 dxe4 4. Nxe4 Nf6 5. Ng3 c5 6. Nf3 cxd4 7. Bb5+ Bd7 8. Bxd7+ Qxd7 9. Nxd4 Nc6 10. Be3 Rd8 11. c3 Nxd4 12. Bxd4 Qc6 13. 0-0 h5 14. Qe2 h4 15. Bxf6 h3 16. gxh3 gxf6 17. Rad1 Bd6 18. f3 Rxh3 19. Kg2 Rh8 20. Rd4 Bc7 21. Rfd1 Rxd4 22. Rxd4 b5 23. Rb4 a6 24. a3 Qc5 25. a4 Bb6 26. Qe1 bxa4 27. Rxa4 a5 28. Re4 Ke7 29. Rd4 Qb5 30. Rd2 f5 31. Qd1 Rd8 32. Rxd8 Bxd8 33. Qd2 Bb6 34. Qe2 Qc5 35. h4 Qg1+ 36. Kh3 Kf6 37. f4 Bf2 38. Qf3 Bxg3 39. Qxg3 Qf1+ 40. Kh2 Qe2+ 41. Qg2 Qh5 42. Qg5+ Qxg5 43. fxg5+ Kg6 44. c4 1-0

[Event "Arie Nijman Memorial"]
[Site "Christchurch"]
[Date "2023.05.20"]
[Round "3"]
[White "Gold, Hamish R"]
[Black "Liu, William Rui"]
[Result "0-1"]
[WhiteElo "1572"]
[BlackElo "1821"]
[PlyCount "52"]
[EventDate "2023.05.19"]
[EventType "swiss"]
[EventRounds "6"]
[EventCountry "NZL"]
[SourceTitle "EXT 2024"]
[Source "ChessBase"]
[SourceDate "2023.10.10"]
[SourceVersion "1"]
[SourceVersionDate "2023.10.10"]
[SourceQuality "1"]

1. e3 e5 2. d4 exd4 3. exd4 Nf6 4. f4 d5 5. Nf3 Bd6 6. Ne5 0-0 7. Bd3 c5 8. 0-0 cxd4 9. Nd2 Nc6 10. Nxc6 bxc6 11. Qf3 Re8 12. h3 c5 13. g4 Bb7 14. g5 Ne4 15. Bb5 Re7 16. h4 Qb6 17. Nxe4 dxe4 18. Qe2 d3 19. Qg4 Qxb5 20. f5 e3 21. cxd3 e2 22. Re1 Qxd3 23. g6 Qg3+ 24. Qxg3 Bxg3 25. Bg5 f6 26. gxh7+ Kxh7 0-1

[Event "NZL-ch op-B 130th"]
[Site "Wellington"]
[Date "2023.01.09"]
[Round "8"]
[White "McDonald, Duncan"]
[Black "Gold, Hamish R"]
[Result "0-1"]
[WhiteElo "1681"]
[BlackElo "1777"]
[PlyCount "84"]
[EventDate "2023.01.02"]
[EventType "swiss"]
[EventRounds "9"]
[EventCountry "NZL"]
[SourceTitle "CBM 212 Extra"]
[Source "ChessBase"]
[SourceDate "2023.03.31"]
[SourceVersion "1"]
[SourceVersionDate "2023.03.31"]
[SourceQuality "1"]

1. e4 d6 2. d4 Nf6 3. Nc3 g6 4. Nf3 Bg7 5. Bc4 0-0 6. Bb3 Nc6 7. 0-0 e5 8. dxe5 Nxe5 9. Nxe5 dxe5 10. Bg5 Qd4 11. Re1 c5 12. Bxf6 Bxf6 13. Nd5 Bg7 14. Qe2 Qxb2 15. Nc7 Rb8 16. Nb5 Bd7 17. Rab1 Bxb5 18. Qxb5 Qc3 19. Re3 Qd4 20. Bd5 Qd2 21. Re2 Qd4 22. Qa5 b6 23. Qxa7 b5 24. Bxf7+ Kh8 25. Bd5 Bh6 26. Qa3 c4 27. Qb2 c3 28. Qb4 Kg7 29. Qxd4 exd4 30. Rb4 Rf6 31. Rxd4 Rbf8 32. Rd1 Bd2 33. f3 Rb6 34. Rb1 b4 35. a3 Rfb8 36. axb4 Rxb4 37. Rxb4 Rxb4 38. Bb3 Rxb3 39. e5 Rb2 40. Re4 Rxc2 41. Rc4 Kf7 42. Kf1 Ke6 0-1

[Event "NZL-ch op-B 130th"]
[Site "Wellington"]
[Date "2023.01.05"]
[Round "4"]
[White "Campbell, Cazna"]
[Black "Gold, Hamish R"]
[Result "1-0"]
[WhiteElo "1701"]
[BlackElo "1777"]
[PlyCount "67"]
[EventDate "2023.01.02"]
[EventType "swiss"]
[EventRounds "9"]
[EventCountry "NZL"]
[SourceTitle "CBM 212 Extra"]
[Source "ChessBase"]
[SourceDate "2023.03.31"]
[SourceVersion "1"]
[SourceVersionDate "2023.03.31"]
[SourceQuality "1"]

1. c4 e6 2. e4 c6 3. d4 d5 4. cxd5 cxd5 5. e5 Nc6 6. Nf3 Bd7 7. Be3 Rc8 8. a3 Na5 9. Nbd2 b5 10. Rc1 Rxc1 11. Qxc1 Nc4 12. Bd3 Ne7 13. b3 Nxe3 14. fxe3 Nc8 15. 0-0 Be7 16. b4 a5 17. Qb2 h6 18. e4 a4 19. exd5 exd5 20. e6 0-0 21. exd7 Qxd7 22. Ne5 Qb7 23. Bh7+ Kh8 24. Nxf7+ Rxf7 25. Rxf7 Nd6 26. Rf1 Qc8 27. Qc2 Nc4 28. Bf5 Qd8 29. Nxc4 dxc4 30. Qe4 Bf6 31. Re1 Qxd4+ 32. Qxd4 Bxd4+ 33. Kf1 Kg8 34. Bg6 1-0

[Event "NZL-ch rapid op 130th"]
[Site "Wellington"]
[Date "2023.01.04"]
[Round "4"]
[White "Ker, Anthony F"]
[Black "Gold, Hamish R"]
[Result "1-0"]
[WhiteElo "2269"]
[BlackElo "1628"]
[PlyCount "51"]
[EventDate "2023.01.04"]
[EventType "swiss (rapid)"]
[EventRounds "9"]
[EventCountry "NZL"]
[SourceTitle "CBM 212 Extra"]
[Source "ChessBase"]
[SourceDate "2023.03.31"]
[SourceVersion "1"]
[SourceVersionDate "2023.03.31"]
[SourceQuality "1"]

1. e4 e6 2. d4 d5 3. Nc3 c6 4. Nf3 Bb4 5. e5 Ne7 6. Bd2 Bxc3 7. Bxc3 b6 8. Bb4 a5 9. Bd6 Nf5 10. Ba3 b5 11. c3 Ba6 12. Bd3 g6 13. h4 Nd7 14. g4 Ng7 15. h5 gxh5 16. gxh5 Qb6 17. Bd6 0-0-0 18. Ng5 f5 19. Nf7 c5 20. Rg1 Ne8 21. Be7 cxd4 22. Bxd8 Qc6 23. cxd4 Qb7 24. Rc1+ Kb8 25. Nxh8 Qa7 26. Be2 1-0

[Event "Christchurch Nijman Memorial"]
[Site "Christchurch"]
[Date "2022.05.14"]
[Round "3"]
[White "Gold, Hamish R"]
[Black "Familton, Gregory"]
[Result "0-1"]
[WhiteElo "1875"]
[BlackElo "1784"]
[PlyCount "76"]
[EventDate "2022.05.13"]
[EventType "swiss"]
[EventRounds "6"]
[EventCountry "NZL"]
[SourceTitle "EXT 2024"]
[Source "ChessBase"]
[SourceDate "2023.10.10"]
[SourceVersion "1"]
[SourceVersionDate "2023.10.10"]
[SourceQuality "1"]

1. e3 e5 2. d4 exd4 3. exd4 d5 4. f4 Nc6 5. Nf3 Nf6 6. c3 Bd6 7. Be2 0-0 8. 0-0 Re8 9. Nbd2 Bg4 10. Ne5 Bxe2 11. Qxe2 Qe7 12. Qd3 Nd8 13. Ndf3 Ne4 14. c4 c6 15. cxd5 cxd5 16. Qb5 Nf6 17. g4 Nc6 18. g5 Bxe5 19. dxe5 Nh5 20. Qxd5 Red8 21. Qb3 Qd7 22. Ne1 Nd4 23. Qd1 Qh3 24. Qd3 Qxd3 25. Nxd3 Nc2 26. Rb1 Rxd3 27. b3 Rad8 28. Bb2 Ne3 29. Rfe1 Nxf4 30. Bc1 Ned5 31. Bxf4 Nxf4 32. Rbc1 Nh3+ 33. Kg2 Nxg5 34. Rc7 R3d7 35. Rxd7 Rxd7 36. Rc1 h6 37. h4 Ne6 38. a4 Rd3 0-1

[Event "NZL-ch Major op"]
[Site "Christchurch"]
[Date "2022.01.04"]
[Round "3"]
[White "Gold, Hamish R"]
[Black "Wang, Justin Zhide"]
[Result "1-0"]
[WhiteElo "1669"]
[BlackElo "1459"]
[PlyCount "65"]
[EventDate "2022.01.02"]
[EventType "swiss"]
[EventRounds "9"]
[EventCountry "NZL"]
[SourceTitle "EXT 2024"]
[Source "ChessBase"]
[SourceDate "2023.10.10"]
[SourceVersion "1"]
[SourceVersionDate "2023.10.10"]
[SourceQuality "1"]

1. e3 e6 2. d4 c5 3. c3 Nf6 4. Bd3 cxd4 5. exd4 d5 6. f4 Bd6 7. Nf3 Qc7 8. Ne5 Nc6 9. Nd2 Nd7 10. Qe2 Ncxe5 11. fxe5 Be7 12. 0-0 0-0 13. Bxh7+ Kxh7 14. Qh5+ Kg8 15. Rf3 f5 16. Rh3 Nxe5 17. dxe5 Qxe5 18. Nf3 Qd6 19. Bg5 Bf6 20. Bxf6 Rxf6 21. Qh8+ Kf7 22. Ng5+ Ke7 23. Qxg7+ Ke8 24. Qxf6 Kd7 25. Rh7+ Kc6 26. Nf3 Kb6 27. b4 Bd7 28. Qd4+ Kc6 29. Ne5+ Kb5 30. a4+ Ka6 31. Rxd7 Qf8 32. Qd3+ Kb6 33. a5# 1-0

[Event "NZL-ch Major op"]
[Site "Christchurch"]
[Date "2022.01.02"]
[Round "1"]
[White "Gold, Hamish R"]
[Black "Hooton, Barry R"]
[Result "1-0"]
[WhiteElo "1669"]
[BlackElo "1372"]
[PlyCount "47"]
[EventDate "2022.01.02"]
[EventType "swiss"]
[EventRounds "9"]
[EventCountry "NZL"]
[SourceTitle "EXT 2024"]
[Source "ChessBase"]
[SourceDate "2023.10.10"]
[SourceVersion "1"]
[SourceVersionDate "2023.10.10"]
[SourceQuality "1"]

1. e4 c6 2. c4 d5 3. e5 Bf5 4. d4 e6 5. f4 Nh6 6. Nf3 Be7 7. Bd3 0-0 8. Nc3 Nd7 9. cxd5 cxd5 10. 0-0 Rc8 11. Bxf5 Nxf5 12. g4 Nh6 13. h3 Kh8 14. f5 Ng8 15. Qd3 Nb6 16. Bf4 h6 17. Bg3 Rc6 18. h4 Nc4 19. Rf2 a6 20. b3 Nb6 21. Ne2 Bb4 22. a3 Be7 23. Kg2 f6 24. Nf4 1-0

[Event "North Island-ch"]
[Site "Wellington"]
[Date "2021.04.04"]
[Round "6"]
[White "Gold, Hamish R"]
[Black "Legner, James"]
[Result "1-0"]
[WhiteElo "1689"]
[BlackElo "1544"]
[PlyCount "49"]
[EventDate "2021.04.02"]
[EventType "swiss"]
[EventRounds "8"]
[EventCountry "NZL"]
[SourceTitle "EXT 2024"]
[Source "ChessBase"]
[SourceDate "2023.10.10"]
[SourceVersion "1"]
[SourceVersionDate "2023.10.10"]
[SourceQuality "1"]

1. e3 e5 2. d4 exd4 3. exd4 d5 4. Bd3 Bd6 5. f4 Nf6 6. Nf3 0-0 7. 0-0 c5 8. c3 Nc6 9. h3 Qb6 10. dxc5 Bxc5+ 11. Kh2 Ne4 12. Bxe4 dxe4 13. Ng5 e3 14. Qd3 g6 15. b4 Nxb4 16. cxb4 Bd4 17. Nc3 e2 18. Nxe2 Bxa1 19. Be3 Qf6 20. Ne4 Qg7 21. Rxa1 Qxa1 22. Bd4 Rd8 23. Nf6+ Kf8 24. Bc5+ Kg7 25. Qxd8 1-0

[Event "North Island-ch"]
[Site "Wellington"]
[Date "2021.04.03"]
[Round "3"]
[White "Paetsch, Nicholas"]
[Black "Gold, Hamish R"]
[Result "1-0"]
[WhiteElo "1456"]
[BlackElo "1689"]
[PlyCount "47"]
[EventDate "2021.04.02"]
[EventType "swiss"]
[EventRounds "8"]
[EventCountry "NZL"]
[SourceTitle "EXT 2024"]
[Source "ChessBase"]
[SourceDate "2023.10.10"]
[SourceVersion "1"]
[SourceVersionDate "2023.10.10"]
[SourceQuality "1"]

1. e4 e5 2. Nf3 Nf6 3. Nc3 c5 4. Bc4 h6 5. Nxe5 d5 6. Nxd5 Be6 7. Bb5+ Nbd7 8. Nxf6+ Qxf6 9. Nxd7 Bxd7 10. Bxd7+ Kxd7 11. Qg4+ Kc7 12. d3 Bd6 13. f4 Qd4 14. e5 Rae8 15. Qf3 f6 16. Be3 Qxb2 17. exd6+ Kxd6 18. 0-0 b6 19. Rac1 Re7 20. f5 Rhe8 21. Bf4+ Kd7 22. Qb7+ Kd8 23. Qb8+ Kd7 24. Qc7# 1-0

[Event "NZL-ch Major op"]
[Site "Palmerston North"]
[Date "2021.01.03"]
[Round "2"]
[White "Gold, Hamish R"]
[Black "Thurner, Anya"]
[Result "1-0"]
[WhiteElo "1689"]
[BlackElo "1436"]
[PlyCount "121"]
[EventDate "2021.01.02"]
[EventType "swiss"]
[EventRounds "9"]
[EventCountry "NZL"]
[SourceTitle "EXT 2024"]
[Source "ChessBase"]
[SourceDate "2023.10.10"]
[SourceVersion "1"]
[SourceVersionDate "2023.10.10"]
[SourceQuality "1"]

1. e3 d5 2. d4 Nf6 3. Bd3 e6 4. f4 c5 5. c3 Nc6 6. Nd2 Be7 7. Ngf3 b6 8. Ne5 Bd7 9. 0-0 c4 10. Bc2 0-0 11. g4 h6 12. Qf3 b5 13. Qh3 Nxe5 14. fxe5 Nh7 15. Bxh7+ Kxh7 16. Nf3 a5 17. Bd2 b4 18. Qg3 Rb8 19. h4 g6 20. Rae1 bxc3 21. bxc3 Rb2 22. Re2 Rxa2 23. Rh2 a4 24. Qf4 Kg7 25. e4 g5 26. hxg5 Bxg5 27. Nxg5 Qxg5 28. Qf6+ Qxf6 29. exf6+ Kg8 30. e5 Rb8 31. Bxh6 Rxh2 32. Kxh2 Rb2+ 33. Kg3 a3 34. Rh1 Kh7 35. Bc1+ Kg8 36. Bxb2 axb2 37. Rb1 Ba4 38. Rxb2 Bb3 39. Kf4 Kh7 40. g5 Bd1 41. Rh2+ Kg8 42. Rh1 Be2 43. Ra1 Bh5 44. Rh1 Be2 45. Rh6 Bd3 46. g6 fxg6 47. Kg5 Kf7 48. Rh7+ Kf8 49. Ra7 Bf5 50. Kh6 Be4 51. Rg7 Bf5 52. Kg5 Be4 53. Kf4 Bf5 54. Ke3 Ke8 55. Kd2 Kf8 56. Kc1 g5 57. Rxg5 Bh7 58. Kb2 Bg8 59. Rg7 Bf7 60. Ka3 Be8 61. Kb4 1-0

[Event "South Island-ch"]
[Site "Dunedin"]
[Date "2020.10.05"]
[Round "3"]
[White "Clarkson, Robert"]
[Black "Gold, Hamish R"]
[Result "0-1"]
[WhiteElo "1533"]
[BlackElo "1676"]
[PlyCount "50"]
[EventDate "2020.10.03"]
[EventType "swiss"]
[EventRounds "7"]
[EventCountry "NZL"]
[SourceTitle "EXT 2024"]
[Source "ChessBase"]
[SourceDate "2023.10.10"]
[SourceVersion "1"]
[SourceVersionDate "2023.10.10"]
[SourceQuality "1"]

1. d4 e6 2. e4 d5 3. Nd2 c5 4. Ngf3 Nc6 5. c3 Qb6 6. exd5 exd5 7. Qe2+ Be7 8. dxc5 Qxc5 9. Nb3 Qd6 10. Be3 Nf6 11. Nbd4 0-0 12. Nb5 Qd8 13. Qc2 Re8 14. 0-0-0 a6 15. Nbd4 Qc7 16. h4 Bg4 17. Be2 Rac8 18. Nxc6 bxc6 19. Bxa6 Ra8 20. Qa4 Bc8 21. Bf4 Bd6 22. Bxd6 Qxd6 23. Qc2 Rxa6 24. a3 Qf4+ 25. Kb1 Bf5 0-1

[Event "South Island-ch"]
[Site "Dunedin"]
[Date "2020.10.03"]
[Round "1"]
[White "Cilia Vincenti, David"]
[Black "Gold, Hamish R"]
[Result "1-0"]
[WhiteElo "2072"]
[BlackElo "1676"]
[PlyCount "103"]
[EventDate "2020.10.03"]
[EventType "swiss"]
[EventRounds "7"]
[EventCountry "NZL"]
[SourceTitle "EXT 2024"]
[Source "ChessBase"]
[SourceDate "2023.10.10"]
[SourceVersion "1"]
[SourceVersionDate "2023.10.10"]
[SourceQuality "1"]

1. d4 e6 2. c4 d5 3. Nc3 f5 4. Nf3 Nf6 5. Bf4 c6 6. e3 Bb4 7. Bd3 Nbd7 8. 0-0 0-0 9. cxd5 Bxc3 10. dxe6 Ba5 11. exd7 Bxd7 12. Bc4+ Kh8 13. Bd6 b5 14. Bxf8 bxc4 15. Bd6 Be6 16. Be5 Bd5 17. Qa4 Ng4 18. Bg3 Bc7 19. Ne5 Bxe5 20. dxe5 h5 21. h3 Nh6 22. f4 h4 23. Be1 g5 24. Qd1 g4 25. Kh2 Qe7 26. Bc3 Kh7 27. Qd4 Rg8 28. Rg1 g3+ 29. Kh1 Ng4 30. hxg4 fxg4 31. e4 h3 32. Be1 Qh4 33. Bxg3 Qxg3 34. Qc3 hxg2+ 35. Rxg2 Qxc3 36. bxc3 Bxe4 37. Kh2 Bxg2 38. Kxg2 Kg6 39. Kg3 Kf5 40. Rh1 Rd8 41. Rh5+ Ke4 42. e6 Kd3 43. e7 Re8 44. Re5 Kxc3 45. f5 Kd4 46. Re1 c3 47. f6 c2 48. Kxg4 Kd3 49. Kf5 Kd2 50. Rf1 Rb8 51. f7 Ke2 52. Rc1 1-0

[Event "NZL-ch Major op"]
[Site "Tauranga"]
[Date "2020.01.14"]
[Round "1"]
[White "Yuan, Jacob"]
[Black "Gold, Hamish R"]
[Result "0-1"]
[WhiteElo "1394"]
[BlackElo "1852"]
[PlyCount "42"]
[EventDate "2020.01.14"]
[EventType "swiss"]
[EventRounds "9"]
[EventCountry "NZL"]
[SourceTitle "EXT 2021"]
[Source "ChessBase"]
[SourceDate "2020.10.23"]
[SourceVersion "1"]
[SourceVersionDate "2020.10.23"]
[SourceQuality "1"]

1. d4 e6 2. Bf4 f5 3. Nf3 Nf6 4. e3 d5 5. Bd3 Bd6 6. Bg3 0-0 7. Nbd2 Ne4 8. Bxe4 fxe4 9. Ne5 Nc6 10. Nxc6 bxc6 11. c3 Ba6 12. Nb3 Qf6 13. Qd2 Rab8 14. Nc5 Bd3 15. Nd7 Qf7 16. Nxb8 Rxb8 17. b3 a5 18. Bxd6 cxd6 19. Qb2 Qh5 20. Rd1 Ba6 21. Qa3 Qe2# 0-1

[Event "South Island-ch"]
[Site "Hanmer Springs"]
[Date "2019.10.08"]
[Round "6"]
[White "Gold, Hamish R"]
[Black "Marko, Helmut"]
[Result "1/2-1/2"]
[WhiteElo "1691"]
[BlackElo "1878"]
[PlyCount "47"]
[EventDate "2019.10.05"]
[EventType "swiss"]
[EventRounds "9"]
[EventCountry "NZL"]
[SourceTitle "EXT 2023"]
[Source "ChessBase"]
[SourceDate "2022.10.05"]
[SourceVersion "1"]
[SourceVersionDate "2022.10.05"]
[SourceQuality "1"]

1. d4 g6 2. Bf4 Bg7 3. Nf3 c5 4. c3 cxd4 5. cxd4 Nf6 6. Nc3 0-0 7. e4 d6 8. Qd2 a6 9. a4 Nc6 10. Bh6 Qb6 11. Bxg7 Kxg7 12. Be2 Bg4 13. Rd1 Rad8 14. 0-0 Bxf3 15. Bxf3 e5 16. Ne2 Rd7 17. d5 Ne7 18. b4 Rc7 19. Rc1 Rfc8 20. Rxc7 Rxc7 21. Rc1 Rxc1+ 22. Nxc1 Qc7 23. Ne2 Qd7 24. Nc3 1/2-1/2

[Event "NZL-ch Major op"]
[Site "Auckland"]
[Date "2019.01.21"]
[Round "8"]
[White "Chen, Matthew1111"]
[Black "Gold, Hamish R"]
[Result "0-1"]
[WhiteElo "1399"]
[BlackElo "1752"]
[PlyCount "72"]
[EventDate "2019.01.14"]
[EventType "swiss"]
[EventRounds "9"]
[EventCountry "NZL"]
[SourceTitle "CBM 189 Extra"]
[Source "ChessBase"]
[SourceDate "2019.06.03"]
[SourceVersion "1"]
[SourceVersionDate "2019.06.03"]
[SourceQuality "1"]

1. c4 e5 2. Nc3 Nf6 3. g3 d5 4. cxd5 Nxd5 5. Bg2 Be6 6. e3 Nc6 7. Nge2 Ndb4 8. d4 exd4 9. Bxc6+ bxc6 10. exd4 Bd6 11. a3 Nd5 12. Qc2 0-0 13. Bd2 Qf6 14. f4 Rfe8 15. 0-0-0 Rab8 16. Qa4 Rb6 17. Ne4 Qg6 18. Nxd6 cxd6 19. Qc2 Bf5 20. Qc4 Bd3 21. Qa4 Rxe2 22. Qxa7 Re8 23. Rhe1 Reb8 24. Qd7 Nf6 25. Qxd6 Rxb2 26. Bb4 Rb1+ 27. Kd2 Rxd1+ 28. Kxd1 Rc8 29. Re7 Bc2+ 30. Kc1 Bb3 31. Qc5 h6 32. Kb2 Bd5 33. a4 Qd3 34. Bc3 Rb8+ 35. Bb4 Qb3+ 36. Kc1 Rxb4 0-1

[Event "NZL-ch Major op"]
[Site "Auckland"]
[Date "2019.01.19"]
[Round "6"]
[White "Gao, Hugh Zihuai"]
[Black "Gold, Hamish R"]
[Result "0-1"]
[WhiteElo "1442"]
[BlackElo "1752"]
[PlyCount "50"]
[EventDate "2019.01.14"]
[EventType "swiss"]
[EventRounds "9"]
[EventCountry "NZL"]
[SourceTitle "CBM 189 Extra"]
[Source "ChessBase"]
[SourceDate "2019.06.03"]
[SourceVersion "1"]
[SourceVersionDate "2019.06.03"]
[SourceQuality "1"]

1. e4 c5 2. Nc3 g6 3. f4 Bg7 4. Nf3 Nc6 5. Bc4 a6 6. a4 e6 7. d3 Nge7 8. f5 d5 9. Ba2 Nb4 10. Bb3 Qc7 11. Qe2 c4 12. dxc4 dxe4 13. Qxe4 Nxf5 14. 0-0 0-0 15. Bf4 Qc5+ 16. Kh1 Bd7 17. Ne5 Bxe5 18. Bxe5 Bc6 19. Qe2 Ne3 20. Rfe1 Nxg2 21. Nd5 Nxe1 22. Qxe1 exd5 23. cxd5 Nxd5 24. h3 Ne3+ 25. Kh2 Qxe5+ 0-1

[Event "NZL-ch Major op"]
[Site "Auckland"]
[Date "2019.01.16"]
[Round "3"]
[White "Gold, Hamish R"]
[Black "Burrows, Grant L"]
[Result "1-0"]
[WhiteElo "1752"]
[BlackElo "1481"]
[PlyCount "73"]
[EventDate "2019.01.14"]
[EventType "swiss"]
[EventRounds "9"]
[EventCountry "NZL"]
[SourceTitle "CBM 189 Extra"]
[Source "ChessBase"]
[SourceDate "2019.06.03"]
[SourceVersion "1"]
[SourceVersionDate "2019.06.03"]
[SourceQuality "1"]

1. d4 d5 2. Bf4 Nf6 3. Nf3 g6 4. Nbd2 Bg7 5. e3 Nbd7 6. Ne5 c5 7. c3 0-0 8. Bd3 Nxe5 9. Bxe5 Nd7 10. Bxg7 Kxg7 11. f4 f6 12. Qf3 c4 13. Bc2 Nb6 14. 0-0-0 e5 15. fxe5 fxe5 16. Qg3 e4 17. h4 Bf5 18. h5 Qe7 19. Rdf1 Rf6 20. Qh4 Raf8 21. g4 Bd7 22. g5 Rxf1+ 23. Nxf1 Be8 24. h6+ Kh8 25. Nh2 Bd7 26. Rf1 Rxf1+ 27. Nxf1 Qd6 28. Qf2 Kg8 29. Bd1 Qf8 30. Qg2 Qf5 31. Nh2 Qh3 32. Qf2 Qf5 33. Qg3 Qf8 34. Kd2 Bf5 35. Ng4 Bxg4 36. Bxg4 Qd8 37. Qe5 1-0

[Event "George Trundle Reserves"]
[Site "Auckland"]
[Date "2019.01.12"]
[Round "9"]
[White "Gold, Hamish R"]
[Black "Seabrook, Roy"]
[Result "0-1"]
[WhiteElo "1752"]
[BlackElo "1754"]
[PlyCount "80"]
[EventDate "2019.01.04"]
[EventType "tourn"]
[EventRounds "9"]
[EventCountry "NZL"]
[SourceTitle "CBM 189 Extra"]
[Source "ChessBase"]
[SourceDate "2019.06.03"]
[SourceVersion "1"]
[SourceVersionDate "2019.06.03"]
[SourceQuality "1"]

1. d4 Nf6 2. Bf4 g6 3. Nf3 Bg7 4. e3 0-0 5. h3 d6 6. Be2 Nbd7 7. c4 c5 8. Nc3 Re8 9. Bh2 Qb6 10. 0-0 cxd4 11. exd4 e5 12. d5 Nc5 13. g4 Bd7 14. Kg2 a6 15. Rb1 Rac8 16. b4 Nce4 17. Nxe4 Nxe4 18. Qc2 f5 19. Nd2 Nf6 20. g5 Nxd5 21. Qb3 Qd8 22. h4 Nb6 23. f3 Be6 24. Bg1 h6 25. Bxb6 Qxb6 26. f4 Qd4 27. Rbd1 hxg5 28. hxg5 b5 29. Qa3 Qb6 30. cxb5 axb5 31. Qh3 exf4 32. Bh5 Bd5+ 33. Bf3 Re2+ 34. Kh1 Qb7 35. Bxd5+ Qxd5+ 36. Nf3 Qc6 37. Rc1 Qxc1 38. Rxc1 Rxc1+ 39. Ng1 Bd4 40. Qb3+ Kf8 0-1

[Event "George Trundle Reserves"]
[Site "Auckland"]
[Date "2019.01.07"]
[Round "5"]
[White "Gold, Hamish R"]
[Black "Cooper, Nigel"]
[Result "1-0"]
[WhiteElo "1752"]
[BlackElo "1587"]
[PlyCount "87"]
[EventDate "2019.01.04"]
[EventType "tourn"]
[EventRounds "9"]
[EventCountry "NZL"]
[SourceTitle "CBM 189 Extra"]
[Source "ChessBase"]
[SourceDate "2019.06.03"]
[SourceVersion "1"]
[SourceVersionDate "2019.06.03"]
[SourceQuality "1"]

1. d4 d5 2. Nf3 g6 3. Bf4 Bg7 4. Nbd2 c5 5. e3 Nc6 6. c3 Nf6 7. Bb5 0-0 8. 0-0 Nh5 9. Bg3 Nxg3 10. hxg3 Bd7 11. dxc5 Qa5 12. a4 a6 13. Nb3 Qc7 14. Bxc6 bxc6 15. Qe2 Bg4 16. Qd2 Rab8 17. Nbd4 e5 18. Ne2 Qa7 19. b4 a5 20. Ra2 Rb7 21. Rb1 Rfb8 22. Rab2 axb4 23. Rxb4 Rxb4 24. Rxb4 Rxb4 25. cxb4 Qxa4 26. Kh2 h6 27. Nfg1 g5 28. Nc1 Bf5 29. Nge2 Kf8 30. f3 Ke7 31. e4 Be6 32. exd5 Bxd5 33. Nc3 Qa8 34. b5 Ke6 35. Nxd5 cxd5 36. Qb4 Bf8 37. Nb3 f5 38. g4 f4 39. Qc3 Qa7 40. b6 Qb8 41. Qa5 Kd7 42. Qb5+ Kd8 43. c6 Kc8 44. Qa6+ 1-0